Statistics for Premier League Top 4

Click here to take the quiz!

General Stats

  • This quiz has been taken 56 times
  • The average score is 13 of 14

Answer Stats

Answer% Correct
Manchester United
100%
Arsenal
100%
Liverpool
100%
Chelsea
100%
Tottenham Hotspur
100%
Manchester City
100%
Leicester City
100%
Everton
98%
Blackburn Rovers
96%
Newcastle United
96%
Leeds United
91%
Aston Villa
77%
Nottingham Forest
68%
Norwich
53%

Score Distribution

Percentile by Number Answered

Percent of People with Each Score

Your Score History

You have not taken this quiz